Reversible systems

Na minha lista:
Detalhes bibliográficos
Autor principal: Sevryuk, M. B (Author)
Formato: Livro
Idioma:inglês
Publicado em: Berlín Springer-Verlag 1986
Colecção:Lecture Notes in Mathematics, 1211
Assuntos:
Tags: Adicionar Tag
Sem tags, seja o primeiro a adicionar uma tag!

MARC

LEADER 00000nam a2200000 a 4500
001 UCP1655
003 CL-VaPUC
008 990416e19860000GW |||||||||||||||||eng|d
082 0 4 |a 516.36  |b SEV  |2 21 
100 0 |a Sevryuk, M. B  |e author  |9 427831 
245 1 0 |a Reversible systems 
300 |a 319 p 
942 |c BK 
945 |d 19990416 00:00:00  |a crobeson 
260 |a Berlín  |b Springer-Verlag  |c 1986 
650 0 |a Geometría diferencial   |9 315147 
650 7 |a SISTEMAS REVERSIBLES  |2 CL-VaPUC  |9 427832 
650 7 |a PERTURBACIONES  |2 CL-VaPUC  |9 425458 
583 |a last modification  |c 19990416 00:00:00  |k Rodrigo Vera 
490 0 |a Lecture Notes in Mathematics, 1211 
999 |c 280317  |d 280315 
952 |0 0  |1 0  |4 0  |6 516_360000000000000_SEV_1986  |7 0  |8 A  |9 320568  |a BIBMAT  |b BIBMAT  |d 2019-11-20  |i 1343882  |o 516.36 SEV 1986  |p 1343882  |r 2025-01-07  |w 2019-11-20  |y BK  |k MAT